Ethics in Management Consulting
Dodržiavanie etických štandardov pri manažérskom poradenstve v slovenskom podnikateľskom prostredí.
Na minha lista:
| Autor principal: | |
|---|---|
| Outros Autores: | |
| Formato: | Capítulo de Livro |
| Idioma: | inglês |
| Assuntos: | |
| Tags: |
Sem tags, seja o primeiro a adicionar uma tag!
|
MARC
| LEADER | 00000naa$a2200000$$$4500 | ||
|---|---|---|---|
| 001 | 0248775 | ||
| 005 | 20240502073959.1 | ||
| 041 | 0 | |a eng | |
| 044 | |a SK | ||
| 245 | 1 | 0 | |a Ethics in Management Consulting |c Eva Hanuláková, Ferdinand Daňo |
| 520 | |a Dodržiavanie etických štandardov pri manažérskom poradenstve v slovenskom podnikateľskom prostredí. | ||
| 610 | 2 | 0 | |a etika |
| 610 | 2 | 0 | |a etika manažérska |
| 610 | 2 | 0 | |a etika podniková |
| 610 | 2 | 0 | |a poradenstvo |
| 610 | 2 | 0 | |a manažment |
| 610 | 2 | 0 | |a Slovensko |
| 610 | 2 | 0 | |a konzultanti |
| 100 | 1 | |a Hanuláková, Eva, 1964- | |
| 700 | 1 | |a Daňo, Ferdinand, 1959- | |